header

Amnesty International and U.S. foreign policy (Record no. 145294)

MARC details
000 -LEADER
fixed length control field 01725nam a2200421 a 4500
082 04 - DEWEY DECIMAL CLASSIFICATION NUMBER
Classification number 323
100 1# - MAIN ENTRY--AUTHOR NAME
Personal name Baldwin, Maria T.
245 10 - TITLE STATEMENT
Title Amnesty International and U.S. foreign policy
260 ## - PUBLICATION, DISTRIBUTION, ETC. (IMPRINT)
Place of publication El Paso :
Name of publisher LFB Scholarly Pub. LLC,
Year of publication 2009.
300 ## - PHYSICAL DESCRIPTION
Number of Pages vii, 305 p.
490 1# - SERIES STATEMENT
Series statement Law and society
650 #0 - SUBJECT ADDED ENTRY--TOPICAL TERM
Topical Term Human rights
Topical Term Human rights
Topical Term Human rights
Topical Term Capital punishment
856 40 - ELECTRONIC LOCATION AND ACCESS
Uniform Resource Identifier http://site.ebrary.com/lib/rucke/Doc?id=10430453

No items available.

© 2026 Rongo University
Contact us: librarian | system librarian | Rongo university